000 00832cam a22002533a 4500
001 8488
003 PGUSA
005 20140828083201.0
008 050701s2005||||xxu|||||s|||||000 p eng d
040 _aPGUSA
_beng
042 _adc
050 4 _aPR
100 1 _aColeridge, Samuel Taylor,
_d1772-1834
245 1 4 _aThe Literary Remains of Samuel Taylor Coleridge, Volume 1
_h[electronic resource] /
_cSamuel Taylor Coleridge
260 _bProject Gutenberg,
_c2005
505 0 _aThe fall of Robespierre -- Poems -- A course of lectures -- Omniana.
506 _aPublic domain in the USA.
516 _aElectronic text
653 _aLiterature -- History and criticism
700 1 _aColeridge, Henry Nelson,
_d1798-1843
830 0 _aProject Gutenberg
_v8488
856 4 0 _uhttp://www.gutenberg.org/ebooks/8488
942 _cEB
999 _c237788
_d237788